MARC details
| 000 -CABECERA |
| campo de control de longitud fija |
01807nam a2200301 i 4500 |
| 001 - NÚMERO DE CONTROL |
| campo de control |
991027408410907026 |
| 003 - IDENTIFICADOR DEL NÚMERO DE CONTROL |
| campo de control |
UkOxU |
| 005 - FECHA Y HORA DE LA ÚLTIMA TRANSACCIÓN |
| campo de control |
20251110185001.0 |
| 008 - DATOS DE LONGITUD FIJA--INFORMACIÓN GENERAL |
| campo de control de longitud fija |
220812s2025 enk b 001|0 eng d |
| 020 ## - NÚMERO INTERNACIONAL ESTÁNDAR DEL LIBRO |
| Número Internacional Estándar del Libro |
9780198903840 |
| 035 ## - NÚMERO DE CONTROL DEL SISTEMA |
| Número de control de sistema |
(UkOxU)023098337 |
| 035 ## - NÚMERO DE CONTROL DEL SISTEMA |
| Número de control de sistema |
(UkOxU)023098337BIB01 |
| 040 ## - FUENTE DE LA CATALOGACIÓN |
| Centro catalogador/agencia de origen |
UkOxU |
| Lengua de catalogación |
eng |
| Normas de descripción |
rda |
| Centro/agencia transcriptor |
UkOxU |
| 041 ## - CÓDIGO DE LENGUA |
| Código de lengua del texto/banda sonora o título independiente |
eng |
| 050 ## - SIGNATURA TOPOGRÁFICA DE LA BIBLIOTECA DEL CONGRESO |
| Número de clasificación |
KF1415 |
| Número de documento/Ítem |
.ZC2L65 2012 |
| 100 ## - ENTRADA PRINCIPAL--NOMBRE DE PERSONA |
| Nombre de persona |
Dignam, Alan J. |
| Término indicativo de función/relación |
author |
| 9 (RLIN) |
25891 |
| 245 10 - MENCIÓN DE TÍTULO |
| Título |
Company law |
| Mención de responsabilidad, etc. |
/ Alan Dignam, John Lowry. |
| 250 ## - MENCIÓN DE EDICIÓN |
| Mención de edición |
Thirteenth edition. |
| 260 ## - PUBLICACIÓN, DISTRIBUCIÓN, ETC. |
| Lugar de publicación, distribución, etc. |
Oxford : |
| Nombre del editor, distribuidor, etc. |
Oxford University Press, |
| Fecha de publicación, distribución, etc. |
2025 |
| 300 ## - DESCRIPCIÓN FÍSICA |
| Extensión |
lvii, 515 pages ; |
| Dimensiones |
25 cm |
| 500 ## - NOTA GENERAL |
| Nota general |
Previous edition: 2022. |
| 504 ## - NOTA DE BIBLIOGRAFÍA, ETC. |
| Nota de bibliografía, etc. |
Includes bibliographical references and index. |
| 520 ## - SUMARIO, ETC. |
| Sumario, etc. |
Company Law gives a clear and authoritative account of the law, including key principles and valuable coverage of corporate governance and theory, as well as current debates surrounding these areas<br/><br/>Condenses an extremely complex subject and focuses on core principles helping students to understand the subject without compromising on academic integrity; <br/>Includes analysis of corporate theory, offering students a broader contextual understanding of the evolving law; <br/>Includes a strong pedagogical structure with: chapter introductions - enabling students to orientate themselves within the various aspects of company law; further reading - providing avenues for further study; and self-test questions - reinforcing learning, supporting revision, and assisting with examination recall; <br/>Also available as an e-book with functionality, navigation features, and links that offer extra learning support. |
| 650 #0 - PUNTO DE ACCESO ADICIONAL DE MATERIA--TÉRMINO DE MATERIA |
| Término de materia o nombre geográfico como elemento de entrada |
Corporation law |
| Subdivisión geográfica |
England |
| 9 (RLIN) |
26456 |
| 650 #0 - PUNTO DE ACCESO ADICIONAL DE MATERIA--TÉRMINO DE MATERIA |
| Término de materia o nombre geográfico como elemento de entrada |
Corporation law |
| Subdivisión geográfica |
Wales |
| 9 (RLIN) |
26457 |
| 700 ## - ENTRADA AGREGADA--NOMBRE PERSONAL |
| Nombre de persona |
Lowry, John P. |
| Término indicativo de función/relación |
author |
| 9 (RLIN) |
25892 |
| 942 ## - ELEMENTOS DE ENTRADA AGREGADA (KOHA) |
| Fuente del sistema de clasificación o colocación |
Clasificación de Library of Congress |